Sports Quiz

Random Sports Quiz

Floyd Mayweather Knockouts Quiz Stats

 Plays Quiz not verified by Sporcle

Challenge
Share
Tweet
Embed
Score 0/26 Timer 15:00
0 Plays Today
Date Fighter % Correct
December 2007Ricky Hatton
100%
September 2011Victor Ortiz
100%
November 2003Phillip N'Dou
71.4%
June 2005Arturo Gatti
71.4%
October 1998Genaro Hernandez
57.1%
May 1999Justin Juuko
57.1%
January 2001Diego Corrales
57.1%
October 1996Roberto Apodaca
42.9%
January 1997Jerry Cooper
42.9%
May 1997Tony Duran
42.9%
July 1997Jesus Chavez
42.9%
December 1998Angel Manfredy
42.9%
October 2000Emanuel Augustus
42.9%
Date Fighter % Correct
November 2001Jesus Chavez
42.9%
January 2005Henry Bruseles
42.9%
November 2005Sharmba Mitchell
42.9%
February 1997Edgar Ayala
28.6%
March 1997Kino Rodriguez
28.6%
April 1997Bobby Giepert
28.6%
September 1997Louie Leija
28.6%
October 1997Felipe Garcia
28.6%
November 1997Angelo Nunez
28.6%
February 1998Sam Girard
28.6%
January 1998Hector Arroyo
28.6%
March 1998Miguel Melo
28.6%
September 1999Carlos Gerena
28.6%

You're not logged in!

Compare scores with friends on all Sporcle quizzes.
Join for Free
OR
Log In

You Might Also Like...

Show Comments

Extras

Top Quizzes Today


Score Distribution

Your Account Isn't Verified!

In order to create a playlist on Sporcle, you need to verify the email address you used during registration. Go to your Sporcle Settings to finish the process.

Report this User

Report this user for behavior that violates our Community Guidelines.

Details: